书目信息 |
| 题名: |
艺术引导人们前进
|
|
| 作者: | 王春雨 著 | |
| 分册: | ||
| 出版信息: | 北京 北京大学出版社 2005 |
|
| 页数: | 213页 | |
| 开本: | 23cm | |
| 丛书名: | 缤纷人文丛书 | |
| 单 册: | ||
| 中图分类: | J110.94 | |
| 科图分类: | ||
| 主题词: | 艺术史--世界--近代 , 艺术史 | |
| 电子资源: | ||
| ISBN: | 7-301-08423-4 | |
| 000 | 01033oam2 2200277 450 | |
| 001 | 012007881291 | |
| 005 | 20070517110430.06 | |
| 010 | @a7-301-08423-4@dCNY36.00 | |
| 100 | @a20070509d2005 km y0chiy0120 ea | |
| 101 | 0 | @achi |
| 102 | @aCN@b110000 | |
| 105 | @aa z 000yy | |
| 106 | @ar | |
| 200 | 1 | @a艺术引导人们前进@Ayi shu yin dao ren men qian jin@e近代艺术的理性与浪漫@f王春雨著@Fwang chun yu zhu |
| 210 | @a北京@c北京大学出版社@d2005 | |
| 215 | @a213页@c彩图@d23cm | |
| 225 | 2 | @a缤纷人文丛书 |
| 330 | @a经过17世纪西方理性精神的酝酿,18世纪启蒙思想家的推进,近代世界的思想氛围和艺术意蕴终于在19世纪绽放出迷人的光彩。本书重点描述19世纪西方现代艺术生成中的主要流派,介绍从浪漫主义到写实主义、从印象主义到后印象主义的流变轨迹。 | |
| 461 | 0 | @12001 @a缤纷人文丛书 |
| 517 | 1 | @a近代艺术的理性与浪漫@Ajin dai yi shu de li xing yu lang man |
| 606 | 0 | @a艺术史@y世界@z近代 |
| 606 | 0 | @a艺术史 |
| 690 | @aJ110.94@v4 | |
| 701 | 0 | @a王春雨@Awang chun yu@4著 |
| 801 | 0 | @aCN@bRULIN@c20070517 |
| 905 | @dJ110.94@e90@s8 | |
| 艺术引导人们前进:近代艺术的理性与浪漫/王春雨著.-北京:北京大学出版社,2005 |
| 213页:彩图;23cm.-(缤纷人文丛书) |
| ISBN 7-301-08423-4:CNY36.00 |
| 经过17世纪西方理性精神的酝酿,18世纪启蒙思想家的推进,近代世界的思想氛围和艺术意蕴终于在19世纪绽放出迷人的光彩。本书重点描述19世纪西方现代艺术生成中的主要流派,介绍从浪漫主义到写实主义、从印象主义到后印象主义的流变轨迹。 |
| ● |
| 相关链接 |
|
|
|
|
正题名:艺术引导人们前进
索取号:J110.94/90
 
预约/预借
| 序号 | 登录号 | 条形码 | 馆藏地/架位号 | 状态 | 备注 |
| 1 | 0578273 | 205782731 | 第一样本阅览室/ [索取号:J110.94/90] | 在馆 | |
| 2 | 0578274 | 205782740 | 第一借阅区/ [索取号:J110.94/90] | 在馆 | |
| 3 | 0578275 | 205782759 | 第一借阅区/ [索取号:J110.94/90] | 在馆 | |
| 4 | 0578276 | 205782768 | 第一借阅区/ [索取号:J110.94/90] | 在馆 | |
| 5 | 0578277 | 205782777 | 第一借阅区/ [索取号:J110.94/90] | 在馆 | |
| 6 | 0578278 | 205782786 | 第一借阅区/ [索取号:J110.94/90] | 在馆 | |
| 7 | 0578279 | 205782795 | 第一借阅区/ [索取号:J110.94/90] | 在馆 | |
| 8 | 0578280 | 205782802 | 第一借阅区/ [索取号:J110.94/90] | 在馆 |